Paganini /
Guardado en:
| Autor Principal: | |
|---|---|
| Otros Autores: | |
| Formato: | Libro |
| Publicado: |
Rosario :
Beatriz Viterbo,
2001
|
| Series: | El escribiente
|
| Materias: | |
| Etiquetas: |
Agregar Etiqueta
Sin Etiquetas, Sea el primero en etiquetar este registro!
|
| LEADER | 00662nam a22002175a 4500 | ||
|---|---|---|---|
| 001 | CEM.cems011822 | ||
| 005 | 20070622144111.0 | ||
| 008 | 130507s2001##################000#0#####d | ||
| 003 | CEMS | ||
| 020 | |a 9508451092 | ||
| 082 | 0 | 4 | |a 927 |
| 100 | 1 | |a Martínez Estrada, Ezequiel | |
| 245 | 1 | 0 | |a Paganini / |c Ezequiel Martínez Estrada ; selección y Ordenamiento Por Mario A. Lancelotti |
| 260 | |a Rosario : |b Beatriz Viterbo, |c 2001 | ||
| 300 | |a 255 p. | ||
| 490 | 0 | |a El escribiente | |
| 653 | |a Música | ||
| 653 | |a Biografías | ||
| 653 | |a Paganini, nicolás-biografía | ||
| 700 | 1 | |a Lancelotti, Mario A. | |
| 859 | |a CEMS |b BIB. CEMS - 11 de abril |h 927 |i P14m |p 22884.05 |t Ej.1 | ||
